000 00636nam a2200229 a 4500
001 63117
003 BD-RjUL
005 20211209081148.0
008 170128s1947 ii 001 0 eng d
035 _a(BD-RjUL)63245
040 _aDLC
_cMnU
_dDLC
_dBD-RjUL
_beng
041 _aeng
082 _223
_a294.594
_bGUH 1947
100 1 _aGupte, S. V.
_9187803
245 1 0 _aHindu law in British India /
_cS. V. Gupte
250 _a2nd ed.
260 _aBombay :
_bN. M. Tripathi,
_c1947.
300 _alxxvii, 1170 p. ;
_c25 cm.
500 _aIncludes index.
650 0 _aHindu law.
_zIndia
_9187804
942 _2ddc
_cBK
999 _c63117
_d63117